| 000 | 00561nam a22001577a 4500 | ||
|---|---|---|---|
| 008 | 230221b |||||||| |||| 00| 0 eng d | ||
| 040 |
_aNational Science Library _cNational Science Library |
||
| 080 |
_a628.29(082.2) _bL5 |
||
| 245 |
_aDischarge of sewage from sea outfalls _c/ Proceedings of an international symposium held at Church House , London 27 August to 2 September 1974 |
||
| 260 |
_aOxford: _bPergamon Press, _c1974 |
||
| 300 | _a455p. | ||
| 650 | _aScience | ||
| 653 | _aWater pollution | ||
| 700 | _aGameson, A L H (Ed.) | ||
| 942 |
_2udc _cPR |
||
| 999 |
_c47283 _d47283 |
||